El ABC de Windows 98 / Francisco Pascual Gonzalez (Registro nro. 15172)
[ vista simple ]
| 000 -LÍDER | |
|---|---|
| fixed length control field | 00463nam a2200145 4500 |
| 008 - ELEMENTOS DE LONGITUD FIJA -- INFORMACIÓN GENERAL | |
| fixed length control field | 0 1999 0a 000 0Mex |
| 020 ## - NÚMERO INTERNACIONAL NORMALIZADO PARA LIBROS | |
| ISBN | 970-150375-9 |
| 050 ## - SIGNATURA TOPOGRAFICA DE LA BIBLIOTECA DEL CONGRESO (LC) | |
| Número de Clasificación | QA76 76063 P376 |
| 082 ## - NUMERO DE CLASIFICACION DECIMAL DEWEY | |
| Número de Clasificación | 001.642 P277a |
| 100 ## - ASIENTO PRINCIPAL--NOMBRE PERSONAL | |
| Nombre personal | Pascual Gonzalez, Francisco |
| 245 ## - TÍTULO | |
| Título | El ABC de Windows 98 / Francisco Pascual Gonzalez |
| 260 ## - PUBLICACIÓN, DISTRIBUCIÓN, ETC. (PIE DE IMPRENTA) | |
| Lugar de publicación, distribución, etc. | Mexico: Alfaomega |
| 300 ## - DESCRIPCIÓN FÍSICA | |
| Extensión | xviii, 452 p / 23 cm |
| 650 ## - ASIENTO SECUNDARIO DE MATERIA - TERMINO TEMÁTICO | |
| Término temático o nombre geográfico como elemento de entrada | 1.MICROSOFT WINDOWS \ 2.SISTEMAS OPERATIVOS ( COMPUTADORAS ) |
| No. biblioteca | No. biblioteca | Número de clasificación | Código de barras/Número de adquisición | Número de copia | Tipo de material |
|---|---|---|---|---|---|
| LUIS G. INCLAN | LUIS G. INCLAN | 001.642 P277a | 34712 | 2 | Libros |
